[Event "Junior Online 4NCL Division 3"]
[Site "online"]
[Date "2020.04.23"]
[Round "2.58"]
[White "Mehta, Sophie"]
[Black "He, Andy"]
[Result "1-0"]
[WhiteElo "1360"]
[BlackElo "1382"]
[PlyCount "57"]
[EventDate "2020.04.23"]
[WhiteTeam "Leicestershire Juniors 1"]
[BlackTeam "Dulwich College Junior A"]

1. e4 e5 2. Nf3 Nc6 3. Nc3 Nf6 4. Bc4 Bb4 5. d3 d5 6. Bb5 d4 7. Nxe5 Bd7 8. O-O
Nxe5 9. Bxd7+ Qxd7 10. Ne2 O-O 11. Bg5 Qe6 12. Bxf6 Qxf6 13. Nxd4 Rad8 14. Nb5
Qb6 15. Nc3 a6 16. Nd5 Qd6 17. c3 Bc5 18. d4 c6 19. dxe5 Qxe5 20. b4 Ba7 21.
Re1 cxd5 22. exd5 Qxc3 23. d6 Qxb4 24. d7 f6 25. Qd5+ Rf7 26. Re8+ Rxe8 27.
dxe8=Q+ Qf8 28. Qxf8+ Kxf8 29. Qd8# 1-0

[Event "Junior Online 4NCL Division 3"]
[Site "online"]
[Date "2020.04.23"]
[Round "2.61"]
[White "Hurst, Joseph"]
[Black "Jayawarna, Tarini"]
[Result "1-0"]
[WhiteElo "1645"]
[BlackElo "1652"]
[PlyCount "35"]
[EventDate "2020.04.23"]
[WhiteTeam "Robin Hoods 1"]
[BlackTeam "Manchester Juniors A"]

1. e4 e6 2. Nf3 d5 3. Nc3 d4 4. Ne2 c5 5. c3 Nc6 6. cxd4 cxd4 7. Qa4 Bc5 8. b4
Bb6 9. b5 Nce7 10. Bb2 Nf6 11. e5 Ne4 12. Bxd4 O-O 13. Bxb6 Qxb6 14. Qxe4 Qxb5
15. Nc3 Qb2 16. Rb1 Qa3 17. Bd3 Bd7 18. Qxh7# 1-0

[Event "Junior Online 4NCL Division 3"]
[Site "online"]
[Date "2020.04.23"]
[Round "2.62"]
[White "Jayawarna, Thisumi"]
[Black "Stapleton, Dean"]
[Result "1-0"]
[WhiteElo "1562"]
[BlackElo "1457"]
[PlyCount "151"]
[EventDate "2020.04.23"]
[WhiteTeam "Manchester Juniors A"]
[BlackTeam "Robin Hoods 1"]

1. e4 e5 2. Nf3 Nc6 3. Bc4 Bc5 4. c3 Nf6 5. d3 O-O 6. O-O d6 7. h3 Na5 8. Bb3
Nxb3 9. Qxb3 c6 10. Nbd2 Re8 11. Re1 Rb8 12. Qc2 Be6 13. Nb3 Bb6 14. Bg5 Qd7
15. Kh2 Nh5 16. d4 Bc7 17. dxe5 dxe5 18. Rad1 Qc8 19. Nc5 f5 20. Nxe6 Qxe6 21.
Kh1 f4 22. Bh4 h6 23. Qe2 g5 24. Nxg5 hxg5 25. Qxh5 gxh4 26. Qg5+ Kf7 27. Qh5+
Kf8 28. Qh8+ Qg8 29. Qf6+ Qf7 30. Qxf7+ Kxf7 31. Rd7+ Re7 32. Red1 Rbe8 33. Kh2
Ke6 34. Rxe7+ Rxe7 35. g4 hxg3+ 36. fxg3 fxg3+ 37. Kxg3 Rg7+ 38. Kf3 Bd8 39.
Rxd8 Rf7+ 40. Ke2 Ke7 41. Rh8 Kf6 42. h4 Kg6 43. h5+ Kg7 44. Re8 Kh6 45. Rxe5
Rg7 46. Kf3 Rf7+ 47. Ke3 Rg7 48. Rf5 Rg3+ 49. Rf3 Rg2 50. e5 Kxh5 51. Rf7 Rg1
52. Kd4 Rg4+ 53. Kc5 b6+ 54. Kxc6 Rg6+ 55. Kd7 Rh6 56. e6 Kg6 57. e7 Kxf7 58.
e8=Q+ Kg7 59. Qe7+ Kg6 60. Qe8+ Kg5 61. Qe7+ Kg6 62. Qe6+ Kg5 63. Qe5+ Kg6 64.
Qe4+ Kg5 65. Qe3+ Kg6 66. Qf4 Rh7+ 67. Ke6 Rh6 68. Qf5+ Kg7+ 69. Ke7 Rh7 70.
Qf6+ Kg8+ 71. Ke8 Rh5 72. Qg6+ Kh8 73. Qxh5+ Kg7 74. Qg5+ Kh7 75. Kf7 Kh8 76.
Qg7# 1-0

[Event "Junior Online 4NCL Division 3"]
[Site "online"]
[Date "2020.04.23"]
[Round "2.63"]
[White "Tomsett, Jonah"]
[Black "Saram, Nethuli Dunindee"]
[Result "1-0"]
[WhiteElo "1382"]
[BlackElo "1420"]
[PlyCount "113"]
[EventDate "2020.04.23"]
[WhiteTeam "Robin Hoods 1"]
[BlackTeam "Manchester Juniors A"]

1. e4 e5 2. Nf3 Nc6 3. Bc4 Bc5 4. c3 Nf6 5. d4 exd4 6. e5 Ng8 7. cxd4 Be7 8. d5
Na5 9. Bd3 d6 10. Bd2 b6 11. exd6 cxd6 12. Bb5+ Bd7 13. Bxd7+ Qxd7 14. O-O Nf6
15. Re1 O-O 16. Qc2 Rac8 17. Qd3 Nc4 18. Ng5 Ne5 19. Qd4 h6 20. Nh3 Nfg4 21. f3
Nf6 22. f4 Rc4 23. Qf2 Nd3 24. Qg3 Nxe1 25. Bxe1 Ne4 26. Qd3 b5 27. b3 Rc1 28.
Qxe4 Bf6 29. Qe3 Rxe1+ 30. Qxe1 Bxa1 31. Nd2 Bd4+ 32. Kh1 Re8 33. Qg3 Qc7 34.
Ng1 Qc1 35. Ndf3 Bxg1 36. Nxg1 Re1 37. Qf2 Re4 38. Qxa7 Qxf4 39. Qb8+ Kh7 40.
Qxb5 Rb4 41. Qd3+ Kg8 42. Nh3 Qc1+ 43. Ng1 Qc8 44. Qd2 Re4 45. Qd3 Qe8 46. a4
Re1 47. a5 Qe3 48. Qxe3 Rxe3 49. b4 Ra3 50. h3 Kf8 51. Ne2 Ke8 52. Nd4 Kd8 53.
Nc6+ Kc7 54. b5 Ra1+ 55. Kh2 Kb7 56. a6+ Ka8 57. Kg3 1-0

[Event "Junior Online 4NCL Division 3"]
[Site "online"]
[Date "2020.04.23"]
[Round "2.64"]
[White "Eccleston, Bryony"]
[Black "Griffin-Young, Sebastian"]
[Result "1-0"]
[WhiteElo "1390"]
[BlackElo "1420"]
[PlyCount "93"]
[EventDate "2020.04.23"]
[WhiteTeam "Manchester Juniors A"]
[BlackTeam "Robin Hoods 1"]

1. d4 Nf6 2. Bf4 g6 3. e3 Bg7 4. Nf3 O-O 5. Be2 d6 6. c3 Nbd7 7. Nbd2 Re8 8. h3
e5 9. dxe5 dxe5 10. Bh2 e4 11. Nd4 c5 12. N4b3 b6 13. Nc4 Ba6 14. Nd6 Bxe2 15.
Qxe2 Re6 16. O-O Qe7 17. Nc4 b5 18. Nd6 Rxd6 19. Bxd6 Qxd6 20. Rad1 Qc7 21.
Qxb5 Rb8 22. Qa5 c4 23. Qxc7 cxb3 24. Rxd7 Nxd7 25. Qxd7 bxa2 26. Qxa7 Rxb2 27.
c4 h5 28. Kh2 Be5+ 29. g3 a1=Q 30. Rxa1 Rxf2+ 31. Kg1 Bxa1 32. Kxf2 Bf6 33.
Qa8+ Kg7 34. Qxe4 Bg5 35. c5 f5 36. Qb7+ Kf6 37. c6 h4 38. c7 hxg3+ 39. Kxg3
Bxe3 40. c8=Q f4+ 41. Kf3 Kg5 42. Qb5+ Kf6 43. Qcc6+ Kg7 44. Qbb7+ Kh6 45. Qf7
Kh5 46. Qfxg6+ Kh4 47. Qg4# 1-0

[Event "Junior Online 4NCL Division 3"]
[Site "online"]
[Date "2020.04.23"]
[Round "2.65"]
[White "Jayawarna, Tarini"]
[Black "Hurst, Joseph"]
[Result "0-1"]
[WhiteElo "1652"]
[BlackElo "1645"]
[PlyCount "110"]
[EventDate "2020.04.23"]
[WhiteTeam "Manchester Juniors A"]
[BlackTeam "Robin Hoods 1"]

1. e4 d5 2. exd5 Qxd5 3. Nc3 Qd6 4. d4 Nf6 5. Bc4 a6 6. Nf3 Bg4 7. Be3 Nc6 8.
Qd2 Bxf3 9. gxf3 e6 10. O-O-O O-O-O 11. Ne4 Qe7 12. Qc3 Nd5 13. Qb3 Qb4 14. Qd3
Nxe3 15. fxe3 Ne5 16. Qe2 Nxc4 17. c3 Qb5 18. b3 Nb6 19. Qb2 Qa5 20. b4 Qd5 21.
Rhg1 h6 22. Qc2 f5 23. Ng3 Qxf3 24. e4 Nc4 25. Rdf1 Qe3+ 26. Kd1 h5 27. Rg2
fxe4 28. Re2 Qh6 29. Nxe4 e5 30. Qd3 Nb6 31. Nc5 Bxc5 32. bxc5 exd4 33. cxb6
dxc3 34. Qxd8+ Rxd8+ 35. Kc2 Rd2+ 36. Rxd2 Qxd2+ 37. Kb3 cxb6 38. Rf8+ Kc7 39.
Rf7+ Kd6 40. Rf8 Qb2+ 41. Kc4 c2 42. Rd8+ Kc7 43. Rd1 c1=Q+ 44. Rxc1 Qxc1+ 45.
Kd5 Qd2+ 46. Ke6 Qxa2+ 47. Kf5 Kd6 48. Kg6 Qe6+ 49. Kxg7 Qf5 50. Kh6 Ke7 51. h4
Qf4+ 52. Kxh5 Qf5+ 53. Kh6 Kf6 54. h5 Qg5+ 55. Kh7 Qg7# 0-1

[Event "Junior Online 4NCL Division 3"]
[Site "online"]
[Date "2020.04.23"]
[Round "2.66"]
[White "Stapleton, Dean"]
[Black "Jayawarna, Thisumi"]
[Result "0-1"]
[WhiteElo "1457"]
[BlackElo "1562"]
[PlyCount "82"]
[EventDate "2020.04.23"]
[WhiteTeam "Robin Hoods 1"]
[BlackTeam "Manchester Juniors A"]

1. d4 Nf6 2. Nc3 c5 3. dxc5 e6 4. Bg5 h6 5. Bh4 Bxc5 6. e4 Be7 7. Bd3 O-O 8.
Nf3 Nc6 9. Qd2 b6 10. Bg3 Bb7 11. Bf4 Bb4 12. O-O d5 13. Bxh6 gxh6 14. Qxh6
Bxc3 15. bxc3 dxe4 16. Bxe4 Nxe4 17. Rad1 Qf6 18. Qh5 Qg6 19. Qh4 Nxc3 20. Rd3
Ne4 21. Re1 Nb4 22. Ne5 Qg5 23. Rxe4 Qxh4 24. Rg3+ Qxg3 25. hxg3 Bxe4 26. Kh2
Bxc2 27. g4 Nxa2 28. g5 b5 29. g6 fxg6 30. Nxg6 Bxg6 31. f4 b4 32. f5 Rxf5 33.
g4 Rg5 34. Kg3 b3 35. Kf4 Rb5 36. Ke3 b2 37. g5 b1=Q 38. Kd4 Rd8+ 39. Ke3 Qe4+
40. Kf2 Rd2+ 41. Kg3 Rb3# 0-1

[Event "Junior Online 4NCL Division 3"]
[Site "online"]
[Date "2020.04.23"]
[Round "2.68"]
[White "Griffin-Young, Sebastian"]
[Black "Eccleston, Bryony"]
[Result "0-1"]
[WhiteElo "1420"]
[BlackElo "1390"]
[PlyCount "78"]
[EventDate "2020.04.23"]
[WhiteTeam "Robin Hoods 1"]
[BlackTeam "Manchester Juniors A"]

1. d4 Nf6 2. Bf4 e6 3. e3 d5 4. Be2 c5 5. c3 Nc6 6. Nf3 Bd6 7. Bg3 O-O 8. O-O
Bxg3 9. fxg3 Bd7 10. dxc5 Qe7 11. Nd4 Qxc5 12. Qd3 Ne5 13. Qc2 Nc4 14. Rf3 Ng4
15. Nb3 Qb6 16. Qc1 Ncxe3 17. h3 Nf5+ 18. Nd4 Nxd4 19. cxd4 Qxd4+ 20. Kh1 Ne5
21. Rf4 Nd3 22. Qc2 Nf2+ 23. Kh2 Qb6 24. Rh4 h6 25. Bf1 Ne4 26. Bd3 Bc6 27. Nd2
Nxd2 28. Qxd2 Bb5 29. Qc2 Bxd3 30. Qxd3 Qxb2 31. Rf1 Rac8 32. Rff4 Rc2 33. Qf3
e5 34. Rfg4 e4 35. Qf1 Kh7 36. Qf5+ Kh8 37. Qxd5 Rxg2+ 38. Kh1 Rh2+ 39. Kg1
Qg2# 0-1

[Event "Junior Online 4NCL Division 3"]
[Site "online"]
[Date "2020.04.23"]
[Round "2.71"]
[White "Ray, Hiya"]
[Black "Byrom, Harris"]
[Result "1-0"]
[WhiteElo "1823"]
[BlackElo "1457"]
[PlyCount "63"]
[EventDate "2020.04.23"]
[WhiteTeam "St John's College A"]
[BlackTeam "Ojays D"]

1. d4 d5 2. c4 c6 3. Nf3 Nf6 4. g3 Bf5 5. Bg2 e6 6. O-O Bd6 7. Nc3 Nbd7 8. Nh4
Bg6 9. Nxg6 hxg6 10. Qb3 Qb6 11. Qxb6 axb6 12. cxd5 Nxd5 13. Ne4 Bc7 14. Bd2
O-O-O 15. Ng5 Rdf8 16. e4 Ne7 17. Rac1 e5 18. Bb4 Kd8 19. d5 Rh5 20. d6 Bxd6
21. Bxd6 Rxg5 22. h4 Rh5 23. Rfd1 f6 24. Bh3 Rf7 25. Be6 Rf8 26. Bxe7+ Kxe7 27.
Bxd7 Rd8 28. Bg4 Rhh8 29. Rxd8 Rxd8 30. Rd1 f5 31. Rxd8 Kxd8 32. exf5 1-0

[Event "Junior Online 4NCL Division 3"]
[Site "online"]
[Date "2020.04.23"]
[Round "2.72"]
[White "Masacorale, Jamie"]
[Black "Choudhury, Anish"]
[Result "1/2-1/2"]
[WhiteElo "1457"]
[BlackElo "1448"]
[PlyCount "128"]
[EventDate "2020.04.23"]
[WhiteTeam "Ojays D"]
[BlackTeam "St John's College A"]

1. d4 d5 2. Nf3 c5 3. e3 e6 4. c4 Nc6 5. Nc3 cxd4 6. exd4 Nf6 7. cxd5 Nxd5 8.
Nxd5 exd5 9. Bb5 a6 10. Bxc6+ bxc6 11. O-O Be6 12. Ne5 Qc7 13. Qc2 Bd6 14. f4
c5 15. dxc5 Bxc5+ 16. Kh1 O-O 17. Be3 Bd6 18. Qxc7 Bxc7 19. Rac1 Rac8 20. Bd4
f6 21. Nc6 Bd6 22. Be3 Bd7 23. Nd4 Rb8 24. Nb3 Ba4 25. Nc5 Bxc5 26. Bxc5 Rfc8
27. b3 Bd7 28. Bd6 Rxc1 29. Rxc1 Rb4 30. g3 Re4 31. Rc2 d4 32. Rc4 d3 33. Rxe4
Bc6 34. Kg1 Bxe4 35. Kf2 Kf7 36. Ke3 f5 37. Bb4 Kg6 38. h3 Kh5 39. Kf2 h6 40.
Bd2 g5 41. fxg5 hxg5 42. a4 Kg6 43. b4 Bd5 44. b5 Bc4 45. b6 Bd5 46. Ke3 Be4
47. b7 Bxb7 48. Kxd3 Bg2 49. h4 gxh4 50. gxh4 Kh5 51. Bg5 Kg4 52. Ke3 a5 53.
Bd8 f4+ 54. Kf2 Bc6 55. Bxa5 Kxh4 56. Bd8+ Kh3 57. a5 Bb7 58. Bc7 Kg4 59. Ke2
Kg3 60. Bxf4+ Kxf4 61. Kd3 Ke5 62. Kc4 Kd6 63. Kb5 Kc7 64. a6 Bxa6+ 1/2-1/2

[Event "Junior Online 4NCL Division 3"]
[Site "online"]
[Date "2020.04.23"]
[Round "2.73"]
[White "Nukalapati, Sarthak"]
[Black "Kroening, Alexander"]
[Result "0-1"]
[WhiteElo "1322"]
[BlackElo "1435"]
[PlyCount "122"]
[EventDate "2020.04.23"]
[WhiteTeam "St John's College A"]
[BlackTeam "Ojays D"]

1. e4 e6 2. d4 d5 3. Nc3 Bb4 4. e5 c5 5. Nf3 Nc6 6. a3 Bxc3+ 7. bxc3 Nge7 8.
Bb2 b6 9. Be2 O-O 10. O-O Ng6 11. Qd2 c4 12. Qg5 Qxg5 13. Nxg5 h6 14. Nf3 Bb7
15. Bc1 b5 16. Rb1 a6 17. a4 Na7 18. Ba3 Rfc8 19. Bc5 Nf4 20. Rfe1 Nxe2+ 21.
Rxe2 Bc6 22. a5 Bd7 23. h3 Nc6 24. Bb6 Na7 25. Rb2 Nc6 26. Rb1 Rab8 27. Rb2 f6
28. exf6 gxf6 29. Nh4 Kh7 30. Re3 Ne7 31. Bc5 Ng6 32. Nxg6 Kxg6 33. Rg3+ Kf7
34. Rb1 Bc6 35. Re1 h5 36. Rge3 Bd7 37. f4 Rh8 38. f5 Rbe8 39. fxe6+ Bxe6 40.
Rf1 Bd7 41. Ref3 Rh6 42. Bd6 Re6 43. Bc5 Re2 44. R1f2 Re1+ 45. Rf1 Re2 46. R1f2
Rxf2 47. Rxf2 Rg6 48. Rf3 h4 49. Bd6 Rg7 50. Be5 Rg6 51. Bd6 Rh6 52. Re3 Kg6
53. Re7 Rh7 54. Re3 Rg7 55. Bf4 Bf5 56. g3 Kf7 57. g4 Bxc2 58. Bd6 Be4 59. Kh2
f5 60. gxf5 Rg2+ 61. Kh1 Re2+ 0-1

[Event "Junior Online 4NCL Division 3"]
[Site "online"]
[Date "2020.04.23"]
[Round "2.74"]
[White "Genc, Guven"]
[Black "Dantu, Sridatta"]
[Result "0-1"]
[WhiteElo "1397"]
[BlackElo "1368"]
[PlyCount "58"]
[EventDate "2020.04.23"]
[WhiteTeam "Ojays D"]
[BlackTeam "St John's College A"]

1. e4 d5 2. exd5 Nf6 3. d4 Nxd5 4. Nf3 g6 5. Nc3 Bg7 6. Bc4 Nxc3 7. bxc3 O-O 8.
O-O Nc6 9. Ba3 Re8 10. Re1 Bg4 11. Re3 e5 12. dxe5 Qxd1+ 13. Rxd1 Bxf3 14. gxf3
Nxe5 15. Bb3 Rad8 16. Rxd8 Rxd8 17. f4 Ng4 18. Re7 Rf8 19. Rxc7 Rb8 20. Rxf7
Kh8 21. Bd5 Bxc3 22. Rxb7 Re8 23. Rxa7 Re2 24. Ra8+ Kg7 25. Rg8+ Kh6 26. Bf8+
Kh5 27. Rh8 Bxh8 28. a4 Rxc2 29. a5 Bd4 0-1

[Event "Junior Online 4NCL Division 3"]
[Site "online"]
[Date "2020.04.23"]
[Round "2.75"]
[White "Byrom, Harris"]
[Black "Ray, Hiya"]
[Result "0-1"]
[WhiteElo "1457"]
[BlackElo "1823"]
[PlyCount "56"]
[EventDate "2020.04.23"]
[WhiteTeam "Ojays D"]
[BlackTeam "St John's College A"]

1. d4 Nf6 2. c4 c5 3. Nf3 g6 4. Nc3 Bg7 5. dxc5 Na6 6. Bf4 Nxc5 7. Qd2 Nce4 8.
Nxe4 Nxe4 9. Qc2 Qa5+ 10. Bd2 Nxd2 11. Nxd2 d6 12. a3 Bf5 13. e4 Be6 14. Bd3
O-O 15. O-O Rac8 16. b4 Qe5 17. Rac1 Rfd8 18. Rfe1 b5 19. Nf3 Qb2 20. e5 Qxc2
21. Rxc2 dxe5 22. Nxe5 Bxe5 23. Rxe5 Rxd3 24. h3 bxc4 25. Rc5 Rxc5 26. bxc5
Rxa3 27. c6 Ra6 28. c7 Rc6 0-1

[Event "Junior Online 4NCL Division 3"]
[Site "online"]
[Date "2020.04.23"]
[Round "2.76"]
[White "Choudhury, Anish"]
[Black "Masacorale, Jamie"]
[Result "0-1"]
[WhiteElo "1448"]
[BlackElo "1457"]
[PlyCount "164"]
[EventDate "2020.04.23"]
[WhiteTeam "St John's College A"]
[BlackTeam "Ojays D"]

1. e4 c5 2. d4 cxd4 3. c3 dxc3 4. Nxc3 Nc6 5. Bc4 e6 6. f4 Bb4 7. Nf3 Nge7 8.
O-O a6 9. Qd3 b5 10. Bb3 Qb6+ 11. Be3 Qc7 12. e5 Bb7 13. Ne4 Nf5 14. Bf2 Nce7
15. Rac1 Qd8 16. g4 Bxe4 17. Qxe4 Nh6 18. Qxb4 Nxg4 19. f5 Nxf2 20. Rxf2 Nxf5
21. Nd4 Nxd4 22. Qxd4 Qg5+ 23. Rg2 Qxc1+ 24. Kf2 O-O 25. Kf3 Qc6+ 26. Kg3 f6
27. Bc2 fxe5 28. Qg4 Rf7 29. Be4 Qc5 30. Bxa8 Qe3+ 31. Bf3 Qe1+ 32. Kh3 Qf1 33.
Kg3 Qe1+ 34. Kh3 g6 35. Be4 Qe3+ 36. Rg3 Qh6+ 37. Qh4 Qxh4+ 38. Kxh4 Rf4+ 39.
Rg4 Rxg4+ 40. Kxg4 Kf7 41. Kf3 Kf6 42. Kg4 d6 43. h4 d5 44. Bd3 e4 45. Be2 h6
46. Kf4 e5+ 47. Ke3 Kf5 48. a4 d4+ 49. Kf2 bxa4 50. Kg3 d3 51. Bd1 e3 52. Bg4+
Ke4 53. Bf3+ Kd4 54. Kg2 e4 55. Bg4 d2 56. Be2 g5 57. hxg5 hxg5 58. Kg3 d1=Q
59. Bxd1 Kd3 60. Kg2 e2 61. Bxe2+ Kxe2 62. Kg3 Kd2 63. Kf2 e3+ 64. Kf1 e2+ 65.
Kf2 e1=Q+ 66. Kf3 Qb1 67. Kg4 Qxb2 68. Kh5 a3 69. Kg6 a2 70. Kf5 a1=Q 71. Kg4
Qd4+ 72. Kh5 Qh1+ 73. Kg6 Qde4+ 74. Kf6 Qhf3+ 75. Kg7 Qc3+ 76. Kh6 Qcc6+ 77.
Kh5 Qeg6+ 78. Kg4 Qc4+ 79. Kf3 g4+ 80. Kg3 Qcd3+ 81. Kf4 g3 82. Ke5 Qde4# 0-1

[Event "Junior Online 4NCL Division 3"]
[Site "online"]
[Date "2020.04.23"]
[Round "2.77"]
[White "Kroening, Alexander"]
[Black "Nukalapati, Sarthak"]
[Result "1-0"]
[WhiteElo "1435"]
[BlackElo "1322"]
[PlyCount "133"]
[EventDate "2020.04.23"]
[WhiteTeam "Ojays D"]
[BlackTeam "St John's College A"]

1. e4 e5 2. Nf3 Nc6 3. Bb5 a6 4. Ba4 Nf6 5. Bxc6 dxc6 6. d3 Bd6 7. O-O O-O 8.
Nc3 Bg4 9. h3 Bh5 10. Bg5 h6 11. Bh4 Re8 12. Qe2 Qe7 13. g4 Bg6 14. Rae1 Qd7
15. Rd1 h5 16. Bxf6 gxf6 17. Nd2 h4 18. Nb3 b5 19. f4 exf4 20. Qd2 c5 21. Kh1
c6 22. Rde1 Rad8 23. a3 c4 24. dxc4 bxc4 25. Na5 c5 26. Nxc4 Qb7 27. Nxd6 Qe7
28. Rd1 Qc7 29. Qxf4 Re6 30. Nf5 Qxf4 31. Rxd8+ Kh7 32. Rxf4 Rb6 33. g5 fxg5
34. Rg4 Rxb2 35. Rxg5 Rxc2 36. Nd1 Rc1 37. Rg1 Rc4 38. Rg4 Rc1 39. Rxh4+ Bh5
40. Rxh5+ Kg6 41. Rhh8 Kf6 42. Rh6+ Ke5 43. Rd5+ Kxe4 44. Rhd6 Kf3 45. Nd4+ Ke4
46. Nf5 Kf3 47. Nh4+ Kg3 48. Ng2 Kxh3 49. Rh6+ Kg3 50. Rd3+ Kg4 51. Kh2 Kf5 52.
Rd5+ Ke4 53. Nge3 Ra1 54. Rh4+ Kf3 55. Rf5+ Ke2 56. Rf2+ Kd3 57. Nb2+ Kc3 58.
Ned1+ Kb3 59. Rf3+ Ka2 60. Nc3+ Kxb2 61. Na4+ Kc2 62. Kg3 Rg1+ 63. Kf4 Rd1 64.
Rh2+ Kb1 65. Nc3+ Kc1 66. Nxd1 Kxd1 67. Rf1# 1-0

[Event "Junior Online 4NCL Division 3"]
[Site "online"]
[Date "2020.04.23"]
[Round "2.78"]
[White "Dantu, Sridatta"]
[Black "Genc, Guven"]
[Result "1-0"]
[WhiteElo "1368"]
[BlackElo "1397"]
[PlyCount "93"]
[EventDate "2020.04.23"]
[WhiteTeam "St John's College A"]
[BlackTeam "Ojays D"]

1. e4 e5 2. Nf3 Nc6 3. Bc4 Nf6 4. d4 exd4 5. Nxd4 Nxe4 6. Nxc6 dxc6 7. Qxd8+
Kxd8 8. Bxf7 Bc5 9. Be3 Bxe3 10. fxe3 Rf8 11. Bc4 Bd7 12. Bd3 Nf2 13. Rf1 Nxd3+
14. cxd3 Rxf1+ 15. Kxf1 Ke7 16. Ke2 Rf8 17. Nc3 Bg4+ 18. Ke1 Kd6 19. Ne4+ Ke5
20. Kd2 Bf5 21. Rf1 Rd8 22. Rf4 c5 23. Nxc5 b6 24. d4+ Kf6 25. g4 bxc5 26.
Rxf5+ Ke6 27. Rxc5 Rc8 28. e4 c6 29. d5+ Ke5 30. Rxc6 Rxc6 31. dxc6 Kd6 32. c7
Kxc7 33. Ke3 Kd7 34. Kd4 Kd6 35. b4 a6 36. a4 g6 37. b5 a5 38. b6 Kc6 39. b7
Kxb7 40. Kd5 Kc7 41. Ke6 Kd8 42. Kf7 h5 43. gxh5 gxh5 44. e5 h4 45. e6 h3 46.
e7+ Kd7 47. e8=Q+ 1-0

[Event "Junior Online 4NCL Division 3"]
[Site "online"]
[Date "2020.04.23"]
[Round "2.81"]
[White "Southcott-Moyers, Indy"]
[Black "Johal, Amrissa Kaur"]
[Result "1-0"]
[WhiteElo "1487"]
[BlackElo "1487"]
[PlyCount "195"]
[EventDate "2020.04.23"]
[WhiteTeam "Stroud Cubs"]
[BlackTeam "Warwickshire Bears B"]

1. d4 d5 2. c4 e6 3. Nc3 Nf6 4. Bg5 Bb4 5. cxd5 exd5 6. Qc2 Nc6 7. e3 a6 8. Nf3
h6 9. Bh4 Bg4 10. Be2 Qd7 11. h3 Bf5 12. Bd3 Be4 13. Bxf6 Bxd3 14. Qxd3 gxf6
15. a3 Bxc3+ 16. Qxc3 O-O-O 17. O-O-O Rhg8 18. Rhg1 Rde8 19. Kb1 Qf5+ 20. Qd3
Qxd3+ 21. Rxd3 Na5 22. Rdd1 Nc4 23. Nd2 Nxd2+ 24. Rxd2 c6 25. Rdd1 Rg5 26. Kc2
Kc7 27. Kd3 Kd6 28. b4 b6 29. g3 h5 30. h4 Rg6 31. Rc1 f5 32. Rge1 Kc7 33. Rc2
Rc8 34. Rec1 Kd7 35. Ke2 Re6 36. Kd3 a5 37. b5 Rc7 38. a4 Rc8 39. Ke2 Rf6 40.
Kd3 Rg6 41. Ke2 Rf6 42. Kf3 Re6 43. Kf4 Ree8 44. bxc6+ Kd6 45. c7 Re7 46. Rc6+
Kd7 47. Rxb6 Re4+ 48. Kf3 Re6 49. Rxe6 Kxe6 50. Rc5 Kd6 51. Rxa5 Rxc7 52. Ra6+
Ke7 53. Kf4 Rc2 54. f3 Rc3 55. Ra5 Kd6 56. Rc5 Ra3 57. a5 Rb3 58. Kxf5 Rxe3 59.
Kf4 Rd3 60. Rb5 Rxd4+ 61. Kg5 Ra4 62. Kxh5 d4 63. Kg5 d3 64. Rb3 Rxa5+ 65. Kh6
d2 66. Rb1 Rd5 67. Rd1 Kc5 68. g4 Kc4 69. h5 Kc3 70. Kg7 Kc2 71. Rxd2+ Rxd2 72.
h6 Rd7 73. h7 f5+ 74. Kg8 f4 75. h8=Q Rd8+ 76. Kg7 Rxh8 77. Kxh8 Kd3 78. g5 Ke3
79. g6 Kxf3 80. g7 Ke2 81. g8=Q f3 82. Qe8+ Kf1 83. Kg7 f2 84. Qf7 Ke1 85. Qe6+
Kf1 86. Qf5 Kg1 87. Qg4+ Kf1 88. Kf6 Ke1 89. Qg3 Ke2 90. Qg4+ Ke1 91. Qe4+ Kf1
92. Kg5 Kg1 93. Qg4+ Kf1 94. Kf4 Ke1 95. Qg3 Ke2 96. Qg2 Ke1 97. Ke3 f1=Q 98.
Qd2# 1-0

[Event "Junior Online 4NCL Division 3"]
[Site "online"]
[Date "2020.04.23"]
[Round "2.82"]
[White "Sanchez, Margarita"]
[Black "Carey, Alex"]
[Result "0-1"]
[WhiteElo "1450"]
[BlackElo "1442"]
[PlyCount "144"]
[EventDate "2020.04.23"]
[WhiteTeam "Warwickshire Bears B"]
[BlackTeam "Stroud Cubs"]

1. c4 e5 2. Nc3 Nf6 3. g3 Bc5 4. Bg2 O-O 5. d3 h6 6. e4 Nc6 7. Nge2 a6 8. O-O
d6 9. h3 Be6 10. Kh2 Qd7 11. f4 Qe7 12. f5 Bd7 13. g4 Nd4 14. Nd5 Nxd5 15. cxd5
c6 16. Nxd4 Bxd4 17. dxc6 Bxc6 18. Qf3 Qf6 19. Qe2 Rfd8 20. Be3 Bxe3 21. Qxe3
Rac8 22. Kg3 Kh7 23. h4 Rh8 24. g5 hxg5 25. hxg5 Qe7 26. Rh1+ Kg8 27. Rxh8+
Kxh8 28. Rh1+ Kg8 29. Qe2 Qxg5+ 30. Qg4 Qxg4+ 31. Kxg4 f6 32. Rc1 Kf7 33. a4
Bd7 34. Rxc8 Bxc8 35. b3 Bd7 36. Kf3 g6 37. fxg6+ Kxg6 38. Bf1 b5 39. a5 Kg5
40. b4 f5 41. exf5 Bxf5 42. Ke3 Kg4 43. Bg2 Bc8 44. d4 Kf5 45. Be4+ Ke6 46. Kd3
Kf6 47. Bc6 Ke6 48. d5+ Kf5 49. Ke3 Kf6 50. Ke4 Ke7 51. Kd3 Kd8 52. Ke4 Kc7 53.
Kd3 Bd7 54. Bxd7 Kxd7 55. Ke4 Ke7 56. Kf5 Kf7 57. Ke4 Kf6 58. Kf3 Kf5 59. Ke3
e4 60. Ke2 Ke5 61. Ke3 Kxd5 62. Ke2 Kd4 63. Kd2 d5 64. Ke2 e3 65. Ke1 Ke4 66.
Ke2 d4 67. Ke1 d3 68. Kf1 d2 69. Ke2 Kd4 70. Kd1 Kc3 71. Ke2 Kc2 72. Kxe3 d1=Q
0-1

[Event "Junior Online 4NCL Division 3"]
[Site "online"]
[Date "2020.04.23"]
[Round "2.83"]
[White "Edwards, Jacob"]
[Black "Xia, Weiquan"]
[Result "0-1"]
[WhiteElo "1412"]
[BlackElo "1480"]
[PlyCount "70"]
[EventDate "2020.04.23"]
[WhiteTeam "Stroud Cubs"]
[BlackTeam "Warwickshire Bears B"]

1. e4 Nc6 2. d4 d6 3. Nf3 Bg4 4. h3 Bd7 5. Nc3 Nf6 6. Bc4 e5 7. d5 Ne7 8. O-O
c6 9. Bg5 cxd5 10. Nxd5 Nxe4 11. Bxe7 Bxe7 12. Nxe7 Qxe7 13. Qd5 Bc6 14. Bb5
Rc8 15. Qxe4 Bxb5 16. Rfe1 O-O 17. a4 Bc6 18. Qe3 Bxf3 19. Qxf3 Rxc2 20. b4 Qf6
21. Qxf6 gxf6 22. b5 Rd8 23. a5 Rb2 24. Reb1 Rxb1+ 25. Rxb1 Rc8 26. Rd1 Rd8 27.
Kh2 d5 28. Kg3 Kg7 29. Kg4 Kg6 30. f4 e4 31. Kg3 f5 32. Kf2 d4 33. Ke2 d3+ 34.
Ke3 Rd5 35. b6 a6 0-1

[Event "Junior Online 4NCL Division 3"]
[Site "online"]
[Date "2020.04.23"]
[Round "2.84"]
[White "Jayaprabu, Jaden"]
[Black "Ashworth, Jaime"]
[Result "1/2-1/2"]
[WhiteElo "1480"]
[BlackElo "1390"]
[PlyCount "127"]
[EventDate "2020.04.23"]
[WhiteTeam "Warwickshire Bears B"]
[BlackTeam "Stroud Cubs"]

1. e4 e6 2. Nf3 d5 3. Nc3 c5 4. Qe2 dxe4 5. Nxe4 Nc6 6. c3 Qb6 7. Qe3 Bd7 8. d4
cxd4 9. Nxd4 Nxd4 10. Qxd4 Qxd4 11. cxd4 Bc6 12. Nc5 Bd6 13. a4 Ne7 14. b4 a6
15. Bb2 O-O 16. f3 b5 17. axb5 axb5 18. Rxa8 Rxa8 19. Bd3 Rd8 20. Bc3 Bxc5 21.
bxc5 Nf5 22. Bxf5 exf5 23. O-O h6 24. Re1 g6 25. h3 Re8 26. Rxe8+ Bxe8 27. d5
Kh7 28. c6 Kg8 29. c7 Bd7 30. d6 Kf8 31. Bb4 Ke8 32. Kf2 h5 33. Ke3 f6 34. Kd4
Bc8 35. Kd5 Kd7 36. g3 g5 37. f4 gxf4 38. gxf4 h4 39. Kd4 Ke8 40. Be1 Kd7 41.
Kd5 Ke8 42. Kc5 Kd7 43. Bxh4 Ke6 44. Kxb5 Kxd6 45. Kb6 Kd7 46. Bxf6 Ke6 47. Be5
Kd7 48. h4 Ke8 49. h5 Be6 50. Kb7 Kf7 51. c8=Q Bxc8+ 52. Kxc8 Kg8 53. h6 Kh7
54. Bg7 Kg8 55. Kd7 Kh7 56. Ke6 Kg6 57. Bf8 Kh7 58. Kxf5 Kg8 59. Bg7 Kh7 60.
Kf6 Kg8 61. Kg5 Kf7 62. f5 Kg8 63. f6 Kh7 64. f7 1/2-1/2

[Event "Junior Online 4NCL Division 3"]
[Site "online"]
[Date "2020.04.23"]
[Round "2.85"]
[White "Johal, Amrissa Kaur"]
[Black "Southcott-Moyers, Indy"]
[Result "0-1"]
[WhiteElo "1487"]
[BlackElo "1487"]
[PlyCount "126"]
[EventDate "2020.04.23"]
[WhiteTeam "Warwickshire Bears B"]
[BlackTeam "Stroud Cubs"]

1. d4 d5 2. Nc3 c6 3. h3 Nf6 4. Bg5 Bf5 5. Bxf6 exf6 6. Nf3 Bb4 7. e3 Nd7 8.
Bd3 Bxd3 9. Qxd3 Qa5 10. O-O Bxc3 11. bxc3 O-O 12. c4 Qc7 13. cxd5 cxd5 14.
Rfe1 Rac8 15. Rac1 Qa5 16. a3 Rc3 17. Qf5 Rd8 18. Ra1 Nb6 19. e4 Rcc8 20. e5
fxe5 21. Nxe5 Rc7 22. Qf4 Nc4 23. Nxc4 dxc4 24. Qe3 Rcc8 25. Qe5 Qc7 26. Qxc7
Rxc7 27. Re4 Rcd7 28. Rae1 g6 29. c3 Kg7 30. Re7 Kf6 31. R7e4 Rd6 32. Re8 Rxe8
33. Rxe8 Re6 34. Rc8 Rc6 35. Rxc6+ bxc6 36. Kf1 Kf5 37. Ke2 Ke4 38. f3+ Kf4 39.
Kf2 h5 40. a4 a5 41. g3+ Kf5 42. f4 Ke4 43. Ke2 f6 44. h4 f5 45. Kf2 Kd3 46.
Kf3 Kxc3 47. Ke3 Kb3 48. Kd2 c3+ 49. Kc1 c2 50. g4 fxg4 51. f5 gxf5 52. d5 cxd5
53. Kd2 Kb2 54. Kd3 c1=Q 55. Kd4 Qc4+ 56. Ke5 Qe4+ 57. Kf6 d4 58. Kg5 d3 59.
Kxh5 d2 60. Kg6 d1=Q 61. h5 Qd6+ 62. Kg5 Qe3+ 63. Kh4 Qh2# 0-1